|
|
|
|
| LEADER |
00000nam a2200000 i 4500 |
| 001 |
DIGAKAL0845 |
| 003 |
NyNyDIG |
| 007 |
cr ||||||||||| |
| 008 |
250121t20242022sp ob 000 0 spa d |
| 006 |
m o d |
| 035 |
|
|
|a (OCoLC)1453458385
|
| 040 |
|
|
|a DGITA
|b eng
|e rda
|e pn
|c DGITA
|
| 020 |
|
|
|a 9788446055266
|q eBook
|
| 020 |
|
|
|z 9788446055259
|
| 041 |
1 |
|
|a spa
|h eng
|
| 050 |
1 |
4 |
|a HX550.E25 ebook
|
| 100 |
1 |
|
|a Seymour, Richard,
|d 1977-
|e author.
|
| 240 |
1 |
0 |
|a Disenchanted Earth.
|l Spanish
|s (Useros)
|
| 245 |
1 |
3 |
|a La Tierra desencantada :
|b reflexiones sobre ecosocialismo y barbarie /
|c Richard Seymour ; traducción, Ana Useros Martín.
|
| 264 |
|
1 |
|a Tres Cantos, Madrid, España :
|b Akal,
|c [2024]
|
| 264 |
|
4 |
|c ©2022
|
| 300 |
|
|
|a 1 online resource.
|
| 336 |
|
|
|a text
|b txt
|2 rdacontent
|
| 337 |
|
|
|a computer
|b c
|2 rdamedia
|
| 338 |
|
|
|a online resource
|b cr
|2 rdacarrier
|
| 347 |
|
|
|a text file
|2 rdaft
|
| 347 |
|
|
|b EPUB
|
| 490 |
1 |
|
|a Akal / Pensamiento crítico ;
|v 111
|
| 504 |
|
|
|a Includes bibliographical references.
|
| 588 |
0 |
|
|a Online resource; title from ePub title page (Digitalia, viewed January 21, 2025)
|
| 650 |
|
0 |
|a Ecosocialism.
|
| 650 |
|
0 |
|a Environmental economics.
|
| 650 |
|
0 |
|a Climatic changes.
|
| 700 |
1 |
|
|a Useros, Ana,
|e translator.
|
| 700 |
1 |
|
|i Translation of:
|a Seymour, Richard,
|d 1977-
|t Disenchanted Earth.
|
| 791 |
2 |
|
|a Digitalia (Firm),
|e distributor.
|
| 793 |
0 |
|
|g Digitalia eBook Collection:
|a Akal
|
| 776 |
0 |
8 |
|i Print version:
|a Seymour, Richard, 1977-
|s Disenchanted Earth. Spanish (Useros).
|t Tierra desencantada.
|d Tres Cantos, Madrid, España : Akal, [2024]
|z 9788446055259
|
| 830 |
|
0 |
|a Pensamiento crítico (Akal Editor) ;
|v 111.
|
| 856 |
4 |
0 |
|3 Digitalia Hispánica
|u https://www.digitaliapublishing.com/a/158546/
|
| 910 |
|
|
|a Premium collection: 2025
|